01833cam a22005654i 4500003000900000005001700009008004100026020001800067035002700085040003300112082002200145082002200167100003800189245010400227250001100331264004300342300005600385336002100441337002500462338002300487490006100510504002500571505030900596526001000905526001000915526001000925526001000935526001000945526000900955526000900964526000900973526000900982526000900991526000901000526000901009526000901018526000901027526000901036526000801045526000801053526000801061526000801069526000801077526000801085541001701093650002901110650002801139650005301167700004701220PE-LiUPU20250731170455.0150706s2006 sp a rb 000 0 spa d a9788436824414 a(Sirsi) i9788436824414 aPE-LiUPUbspacPE-LiUPUerda04a155.9042bR7122104a155.904bR71 20101 aRobles Ortaga, Humbelina,eautor.10aPrograma para el control de estrés /cHumbelina Robles Ortega y María Isabel Peralta Ramírez. a2a ed. 1aMadrid :bEdiciones Pirámide,c2006. a248 páginas :bilustraciones ;c23 centímetros. atext2rdacontent aunmediated2rdamedia avolume2rdacarrier0 aColección Psicología. Sección Manuales prácticos aIncluye referencias.0 aEl estrés -- Organización del programa de afrontamiento del estrés -- Contenidos de las sesiones del programa -- Ejercicios propuestos en las sesiones -- Tareas para casa -- Experiencias y resultados encontrados en el desarrollo del programa de afrontamiento del estrés en diferentes poblaciones. aSEG68 aSEG70 aSEG69 aSEG67 aSEG43 aP144 aP143 aP131 aP122 aP120 aP117 aP112 aP110 aP106 aP101 aP80 aP59 aP54 aP35 aP33 aP30 g044-0008309;04aEstrés (Psicología).04aControl (Psicología).04aEstrés (Psicología)xTratamientovProgramas.1 aPeralta Ramírez, María Isabel,eautor.